000 00425nam a2200169 a 4500
001 0000-8542
003 ELIB.Books
008 110520 1997
035 _a(ELIB.Books)0000-8687
082 _a294.5
_bPan
100 _aPanikkar, Raimundo
245 _aThe Unknown Christ of hinduism
260 _bNew York: Orbis Books
_c1997
650 _aHinduism
942 _2ddc
_cBK
998 _cbat
_e2011-05-20
999 _c8542
_d8542